000 00634cab a2200229 4500
001 WB3226-36
008 090401t1996 xxu||||| |||| 00| 0 eng d
035 _a(Sirsi) u45001
041 _aeng
245 _aTax haven plan for IoW
260 _c1996
350 _a0
490 _aTimes
_v2 July 1996, 5(1)
520 _aThe Isle of Wight Liberal-Democrat council is to hold a referendum on the island becoming a tax haven and running its own interal affairs.
650 _aAUTONOMY
650 _aDEVOLUTION
650 _aISLE OF WIGHT
650 _aTAX HAVENS
690 _aTAXATION
942 _n0
948 _c04/03/1997
999 _c28605
_d28605